000
00264nam a22001337a 4500
020
_a
0-7214-1076-2
082
_a
823
_b
BEA/D
100
_a
BAGLIO ,M BEN
245
_a
DINOSAURS
260
_a
UK
_b
LADY BIRD
300
_a
51
650
_a
ENGLISH STORY
942
_c
BK
999
_c
1915
_d
1915